Animal Behaviour/ (Record no. 210657)

MARC details
000 -LEADER
fixed length control field 00538nam a22001937a 4500
005 - DATE AND TIME OF LATEST TRANSACTION
control field 20250402141940.0
010 ## - LCCN (DPL NO)
LC control number ENG-144457
020 ## - INTERNATIONAL STANDARD BOOK NUMBER
International Standard Book Number 9789395401012
Terms of availability 1595.00
035 ## - SYSTEM CONTROL NUMBER
System control number EN-127989
037 ## - SOURCE OF ACQUISITION
Source of stock number/acquisition DBAD
082 ## - DEWEY DECIMAL CLASSIFICATION NUMBER
Classification number 591.5
100 ## - MAIN ENTRY--PERSONAL NAME
Personal name Vishwas, Atri
245 ## - TITLE STATEMENT
Title Animal Behaviour/
Statement of responsibility, etc Atri Vishwas
250 ## - EDITION STATEMENT
Edition statement 1
260 ## - PUBLICATION, DISTRIBUTION, ETC. (IMPRINT)
Place of publication, distribution, etc New Delhi
Name of publisher, distributor, etc Rajat Publications
Date of publication, distribution, etc 2024
270 ## - ADDRESS
Address 4740/23, Ansari Road, Daryagan
City New Delhi
Postal code 110002
300 ## - PHYSICAL DESCRIPTION
Extent xii, 288p.
Dimensions 24cm(Hb)
942 ## - ADDED ENTRY ELEMENTS (KOHA)
Source of classification or shelving scheme Dewey Decimal Classification
Item type English Books
Call number suffix VIS
Classification part 591.5
Holdings
Withdrawn status Lost status Not for loan Collection code Home library Current library Date acquired Source of acquisition Cost, normal purchase price Full call number Barcode Copy number Cost, replacement price Koha item type
      Non-fiction Sarojini Nagar Sarojini Nagar 02/04/2025 Delivery of Books Act Division 1595.00 VIS 591.5 EN-127989 1 1595.00 English Books

© Delhi Public Library
Hit Counter
free hit counter